| 000 | 00888nam a22002177a 4500 | ||
|---|---|---|---|
| 999 |
_c16675 _d16675 |
||
| 003 | AR-CdUCM | ||
| 008 | 190504b ||||| |||| 00| 0 esp d | ||
| 040 |
_aMUNICIPALIDAD PROVINCIAL DEL CUSCO _cBIBLIOTECA MUNICIPAL DEL CUSCO |
||
| 082 |
_a700.1 / _bL566 |
||
| 100 |
_aLenin, Vladimir Ilich, _92193 |
||
| 245 | _aArte, literatura y prensa / | ||
| 260 |
_aMéxico, D. F : _bGrijalbo, _c1969. |
||
| 300 |
_a153 páginas ; _c20 cm. |
||
| 440 |
_aColección 70 ; _92202 |
||
| 505 | _aContenido: Charlas sobre arte y literatura en el foro de Yenán -- Frente cultural y frente militar -- Arte y Literatura -- El partido y los intelectuales -- El periodismo -- La libertad de prensa ... | ||
| 700 |
_aMao, Tse-Tung, _915457 |
||
| 700 |
_aKelle, Vladislav Zhanovich, _936251 |
||
| 700 |
_aGayá Nicolau, Guillermo (traductor) _936252 |
||
| 942 |
_2ddc _cLIBROS |
||
| 945 |
_aacrt _d2019-05-03 |
||